| 000 | 00372cam a22001337a 4500 | ||
|---|---|---|---|
| 008 | 180718b1957 xxu||||| |||| 00| 0 eng d | ||
| 082 | _aB5x43 H622 | ||
| 100 | _aHiscocks, Richard | ||
| 245 |
_aDemocracy in Western Germany _cby Richard Hiscocks |
||
| 260 |
_aLondon _bOUP _c1957 |
||
| 300 | _a324p. | ||
| 440 | _abibl. | ||
| 650 | _aGermany (West) --Politics and government. | ||
| 999 |
_c368274 _d368274 |
||